Normal view
MARC view
Entry Personal Name
001 - CONTROL NUMBER
- control field: 4170
003 - CONTROL NUMBER IDENTIFIER
- control field: ARRUPE
005 - DATE AND TIME OF LATEST TRANSACTION
- control field: 20131127125934.0
008 - FIXED-LENGTH DATA ELEMENTS
- fixed length control field: 131127|| aca||aabn | a|a d
040 ## - CATALOGING SOURCE
- Original cataloging agency: ARRUPE
- Transcribing agency: ARRUPE
100 ## - HEADING--PERSONAL NAME
- Personal name: Chodorow, Stanley.
670 ## - SOURCE DATA FOUND
- Source citation: Work cat.: (ARRUPE)0: Chodorow, Stanley., Christian political theory and church politics in the mid-twelfth century;, 1972.